[Event "28th WSCC2018 - Open 65+"]
[Site "Bled"]
[Date "2018.11.20"]
[Round "3.62"]
[White "Myall, Ivan J"]
[Black "Frey, Armin"]
[Result "1-0"]
[WhiteElo "1995"]
[BlackElo "1859"]
[PlyCount "79"]
[EventDate "2018.11.18"]

1. Nf3 f5 2. d3 d5 3. Bf4 Nf6 4. e3 e6 5. Be2 Nc6 6. O-O Bd6 7. d4 O-O 8. c3
Qe8 9. Ne5 Nd7 10. Nxd7 Bxd7 11. Bxd6 cxd6 12. Qb3 b6 13. Na3 Qe7 14. Rac1 Na5
15. Qd1 Rac8 16. b3 Kh8 17. Ba6 Rb8 18. Qe2 e5 19. Bb5 Nc6 20. f4 Rbe8 21. Bxc6
Bxc6 22. Qf2 g5 23. Nc2 Bb5 24. Rfd1 g4 25. dxe5 dxe5 26. Rxd5 exf4 27. Qxf4
Bc6 28. Rd2 Be4 29. Nd4 Qg7 30. Ne2 h5 31. Rd6 h4 32. Qh6+ Qxh6 33. Rxh6+ Kg7
34. Rxh4 Bd3 35. Nf4 Rxe3 36. Rd1 Bb5 37. c4 Bc6 38. Rd6 Rd8 39. Rg6+ Kf7 40.
Rh7+ 1-0

[Event "28th WSCC2018 - Open 65+"]
[Site "Bled"]
[Date "2018.11.20"]
[Round "3.63"]
[White "Bjorgvik, Jan Arne"]
[Black "Sand, Rolf"]
[Result "0-1"]
[WhiteElo "1777"]
[BlackElo "1989"]
[PlyCount "70"]
[EventDate "2018.11.18"]

1. e4 c5 2. Nf3 d6 3. d4 cxd4 4. Nxd4 Nf6 5. Nc3 a6 6. Be2 e5 7. Nb3 Be7 8. Be3
Be6 9. O-O O-O 10. f3 Nbd7 11. Qd2 b5 12. a3 Rc8 13. Rfd1 Nb6 14. Nc1 d5 15.
exd5 Nfxd5 16. Nxd5 Nxd5 17. Bf2 Qc7 18. c3 Bc5 19. Nd3 Bxf2+ 20. Nxf2 Qb6 21.
Bf1 Rfd8 22. Qe1 Ne3 23. Rxd8+ Rxd8 24. Rc1 Bb3 25. Be2 Nc2 26. Qf1 Qe3 27. Rb1
g6 28. Rd1 Rd2 29. Rxd2 Qxd2 30. Qd1 Qe3 31. Kf1 Nd4 32. Qd3 Qc1+ 33. Bd1 Bc4
34. Qxc4 bxc4 35. cxd4 exd4 0-1

[Event "28th WSCC2018 - Open 65+"]
[Site "Bled"]
[Date "2018.11.20"]
[Round "3.64"]
[White "Svensson, Soren"]
[Black "Kerr, Grant"]
[Result "1-0"]
[WhiteElo "1987"]
[BlackElo "1850"]
[PlyCount "99"]
[EventDate "2018.11.18"]

1. d4 Nf6 2. c4 g6 3. Nc3 Bg7 4. e4 d6 5. Be2 O-O 6. Bg5 Nbd7 7. Qd2 c5 8. d5
a6 9. a4 Qa5 10. Ra3 Qc7 11. f4 h6 12. Bh4 Re8 13. Nf3 Nf8 14. O-O Bg4 15. h3
Bxf3 16. Bxf3 e6 17. Bg3 exd5 18. cxd5 N6d7 19. Kh2 Rab8 20. e5 dxe5 21. d6 Qb6
22. a5 Qd8 23. Nd5 exf4 24. Bxf4 Ne5 25. Nc7 Nc4 26. Qd5 Nxa3 27. Nxe8 Qxe8 28.
bxa3 Nd7 29. Rb1 Be5 30. g3 Bxf4 31. gxf4 Qe6 32. Qxe6 fxe6 33. Rxb7 Rxb7 34.
Bxb7 Kf7 35. Bxa6 e5 36. Bc4+ Ke8 37. fxe5 Nxe5 38. Bd5 Kd8 39. a6 Nd7 40. a7
Nb6 41. a8=Q+ Nxa8 42. Bxa8 Kd7 43. Be4 g5 44. Kg3 c4 45. Kg4 Kxd6 46. Kh5 Ke5
47. Bc2 Kf4 48. Kxh6 g4 49. hxg4 Kxg4 50. a4 1-0

[Event "28th WSCC2018 - Open 65+"]
[Site "Bled"]
[Date "2018.11.20"]
[Round "3.65"]
[White "Turegano Moratalla, Santiago"]
[Black "Keogh, Eamon"]
[Result "0-1"]
[WhiteElo "1808"]
[BlackElo "1982"]
[PlyCount "60"]
[EventDate "2018.11.18"]

1. e4 e6 2. d4 d5 3. Bd3 c5 4. exd5 exd5 5. Nf3 Nc6 6. O-O c4 7. Re1+ Be7 8.
Bf1 Bg4 9. c3 Nf6 10. b3 cxb3 11. axb3 O-O 12. Qd3 Ne4 13. Bf4 a6 14. Nbd2 Bf5
15. Qe3 Rc8 16. Nxe4 Bxe4 17. Bd3 f5 18. Bxe4 fxe4 19. Nd2 Bf6 20. Rec1 Ne7 21.
Qe2 Bxd4 22. cxd4 Rxf4 23. Nf1 Nc6 24. Qd2 Qd6 25. Ne3 Rcf8 26. f3 exf3 27. g3
f2+ 28. Kf1 Re4 29. Rc5 Qh6 30. Rc3 Qxh2 0-1

[Event "28th WSCC2018 - Open 65+"]
[Site "Bled"]
[Date "2018.11.20"]
[Round "3.66"]
[White "Florjancic, Rudolf"]
[Black "Reynolds, D Ian W"]
[Result "0-1"]
[WhiteElo "1761"]
[BlackElo "1969"]
[PlyCount "84"]
[EventDate "2018.11.18"]

1. e4 e5 2. Nf3 Nc6 3. d4 exd4 4. Nxd4 Nf6 5. Nc3 Bb4 6. Nxc6 bxc6 7. Bd3 d5 8.
O-O Bxc3 9. bxc3 dxe4 10. Bc4 Qd6 11. Qxd6 cxd6 12. Ba3 d5 13. Be2 Bg4 14. Ba6
Kd7 15. Bc5 Kc7 16. Rab1 Bc8 17. Be2 Nd7 18. Be3 f6 19. f3 Re8 20. fxe4 dxe4
21. Rfd1 Re6 22. Bc4 Rd6 23. Rd4 Rxd4 24. cxd4 Nb6 25. Bf4+ Kd8 26. Bb3 g5 27.
Bd2 Ba6 28. Ba5 Kd7 29. Bf7 Rf8 30. Bh5 f5 31. Bb4 Rd8 32. Bc5 Ke6 33. Rb3 Bc4
34. Bxb6 axb6 35. Rxb6 Kd6 36. Rb7 Ra8 37. Rxh7 Rxa2 38. Be8 e3 39. h3 Ra1+ 40.
Kh2 e2 41. Rd7+ Ke6 42. Rc7 e1=Q 0-1

[Event "28th WSCC2018 - Open 65+"]
[Site "Bled"]
[Date "2018.11.20"]
[Round "3.67"]
[White "Danielsson, Robert"]
[Black "Patola, Eero"]
[Result "1-0"]
[WhiteElo "1968"]
[BlackElo "1838"]
[PlyCount "109"]
[EventDate "2018.11.18"]

1. d4 Nf6 2. c4 c5 3. Nf3 cxd4 4. Nxd4 Nc6 5. Nc3 Nxd4 6. Qxd4 g6 7. g3 Bg7 8.
Bg2 O-O 9. Qd3 a6 10. O-O d6 11. Bd2 Qc7 12. Rac1 Bd7 13. b3 Qc8 14. Bg5 Re8
15. Bxf6 exf6 16. Qxd6 Bh3 17. Nd5 Bxg2 18. Kxg2 Qd8 19. Qxd8 Raxd8 20. e3 f5
21. Rfd1 Rc8 22. h4 Re6 23. c5 Bb2 24. Rc2 Ba3 25. b4 a5 26. Rd3 axb4 27. Rb3
Re5 28. Nxb4 Bxb4 29. Rxb4 Rexc5 30. Rxc5 Rxc5 31. Rxb7 Ra5 32. Rb2 Kg7 33. Kf3
Kf6 34. Ke2 h6 35. Kd3 Ke5 36. Kc3 f6 37. Kb4 Ra8 38. a4 g5 39. a5 Ke4 40. Rd2
Rb8+ 41. Kc5 Kf3 42. a6 f4 43. exf4 gxf4 44. gxf4 Kg4 45. a7 Rh8 46. Rb2 Ra8
47. Kb6 Kxh4 48. Kb7 Rf8 49. a8=Q Rxa8 50. Kxa8 h5 51. Rb1 Kg4 52. Rh1 h4 53.
Kb7 f5 54. Kc6 h3 55. Kd5 1-0

[Event "28th WSCC2018 - Open 65+"]
[Site "Bled"]
[Date "2018.11.20"]
[Round "3.68"]
[White "Webster, Jim J"]
[Black "Andreas, Guenter"]
[Result "1/2-1/2"]
[WhiteElo "1730"]
[BlackElo "1967"]
[PlyCount "69"]
[EventDate "2018.11.18"]

1. d4 Nf6 2. c4 g6 3. Nc3 d5 4. Nf3 Bg7 5. e3 O-O 6. Bd2 b6 7. cxd5 Nxd5 8. Be2
Bb7 9. O-O Nd7 10. Qb3 e6 11. Rfd1 c5 12. Nxd5 Bxd5 13. Qa3 cxd4 14. exd4 a6
15. Be3 b5 16. Rac1 Qb6 17. b3 Rac8 18. Rxc8 Rxc8 19. Rc1 Rxc1+ 20. Qxc1 Qc6
21. Qd2 f6 22. Ne1 Kf7 23. f3 Bf8 24. Nd3 Bd6 25. Nb4 Bxb4 26. Qxb4 e5 27. dxe5
Nxe5 28. Bh6 Nd7 29. Be3 Qc2 30. Qd2 Qc6 31. Bd1 Ne5 32. Qd4 Nd7 33. Qd2 Ne5
34. Qd4 Nd7 35. Qd2 1/2-1/2

[Event "28th WSCC2018 - Open 65+"]
[Site "Bled"]
[Date "2018.11.20"]
[Round "3.69"]
[White "Idesis, Yaacov"]
[Black "Bobbia, Mario"]
[Result "1/2-1/2"]
[WhiteElo "1967"]
[BlackElo "1790"]
[PlyCount "80"]
[EventDate "2018.11.18"]

1. d4 Nf6 2. Bf4 g6 3. e3 Bg7 4. Nf3 O-O 5. h3 d6 6. Be2 Nbd7 7. O-O c6 8. Nbd2
Qc7 9. c3 Re8 10. a4 a5 11. Re1 e5 12. dxe5 dxe5 13. Bh2 Nd5 14. Nc4 f6 15. Qc2
N7b6 16. Rad1 Be6 17. h4 Nxc4 18. Bxc4 Kh8 19. Nd4 Bf7 20. Bxd5 cxd5 21. Nb5
Qc6 22. Rd2 Rad8 23. Red1 Re7 24. b3 Red7 25. Bg3 f5 26. f4 e4 27. Nd4 Qc7 28.
Qb2 Rc8 29. Rc2 Qb6 30. Rdc1 Rdc7 31. h5 Qa6 32. hxg6 hxg6 33. Bh4 Qd3 34. Nb5
Qxe3+ 35. Bf2 Qxf4 36. Nxc7 Rxc7 37. Bd4 Bxd4+ 38. cxd4 Qe3+ 39. Kh1 Qh6+ 40.
Kg1 Qe3+ 1/2-1/2

[Event "28th WSCC2018 - Open 65+"]
[Site "Bled"]
[Date "2018.11.20"]
[Round "3.70"]
[White "Diaz Franco, Francisco Jorge"]
[Black "Haupt, Joachim"]
[Result "1-0"]
[WhiteElo "1960"]
[BlackElo "1748"]
[PlyCount "45"]
[EventDate "2018.11.18"]

1. Nf3 c5 2. e3 Nc6 3. d4 cxd4 4. exd4 d5 5. h3 Nf6 6. Bd3 g6 7. c3 Bg7 8. O-O
O-O 9. Re1 Qc7 10. Nbd2 Re8 11. Nf1 Nh5 12. Be3 Nf4 13. Bc2 Na5 14. Qc1 Nh5 15.
Bh6 Nc4 16. Bxg7 Kxg7 17. Ne3 Nxe3 18. Qxe3 Bd7 19. Ne5 Bc6 20. g3 Nf6 21. Qf4
a6 22. Nxg6 Qb6 23. Ne5 1-0

[Event "28th WSCC2018 - Open 65+"]
[Site "Bled"]
[Date "2018.11.20"]
[Round "3.71"]
[White "Acosta, Mariano"]
[Black "Davydov, Mihail"]
[Result "1/2-1/2"]
[WhiteElo "1721"]
[BlackElo "1959"]
[PlyCount "34"]
[EventDate "2018.11.18"]

1. Nf3 d5 2. g3 Nf6 3. Bg2 e6 4. c4 b6 5. b3 Bb7 6. Bb2 Be7 7. O-O Nbd7 8. cxd5
exd5 9. d4 O-O 10. Nbd2 Re8 11. Ne5 Bd6 12. Ndf3 Ne4 13. Rc1 f6 14. Nc6 Bxc6
15. Rxc6 Nf8 16. Qc2 Qd7 17. e3 g6 1/2-1/2

[Event "28th WSCC2018 - Open 65+"]
[Site "Bled"]
[Date "2018.11.20"]
[Round "3.72"]
[White "Holzmann, Herbert"]
[Black "Tveten, Per"]
[Result "1-0"]
[WhiteElo "1955"]
[BlackElo "1500"]
[PlyCount "73"]
[EventDate "2018.11.18"]

1. Nf3 Nf6 2. c4 c5 3. g3 g6 4. Bg2 Bg7 5. O-O O-O 6. Nc3 Nc6 7. d4 cxd4 8.
Nxd4 Rb8 9. Bf4 d6 10. Bxc6 e5 11. Bg2 exf4 12. gxf4 Nh5 13. e3 Qh4 14. Nf3 Qe7
15. Nd5 Qd7 16. Qd2 Nf6 17. Nxf6+ Bxf6 18. Rad1 Rd8 19. b3 Qe7 20. Qb4 b6 21.
Rd2 Qe6 22. Rfd1 Be7 23. Nd4 d5 24. Nxe6 Bxb4 25. Nxd8 Bxd2 26. Nc6 Rb7 27.
Rxd2 Be6 28. Nd8 Rd7 29. Nxe6 fxe6 30. cxd5 exd5 31. Bxd5+ Kg7 32. Kg2 Kf6 33.
h4 h5 34. e4 g5 35. hxg5+ Kg7 36. Rc2 h4 37. Kh3 1-0

[Event "28th WSCC2018 - Open 65+"]
[Site "Bled"]
[Date "2018.11.20"]
[Round "3.73"]
[White "Batakovs, Olegs"]
[Black "Zilbershtein, Victor"]
[Result "1-0"]
[WhiteElo "1945"]
[BlackElo "1717"]
[PlyCount "65"]
[EventDate "2018.11.18"]

1. e4 d6 2. d4 Nd7 3. Nf3 e6 4. Nc3 b6 5. Bd3 Bb7 6. O-O Be7 7. a4 Ngf6 8. Qe2
O-O 9. h3 h6 10. Bf4 Nh7 11. Bg3 Kh8 12. a5 Rb8 13. a6 Bc8 14. Nb5 Ra8 15. Ra2
f5 16. exf5 exf5 17. Nxc7 Qxc7 18. Qxe7 f4 19. Qe4 Nhf6 20. Qxf4 Qd8 21. Qxd6
Qe8 22. Qc6 Qf7 23. c4 Nc5 24. Ne5 Qe8 25. Qxa8 Nxd3 26. Nxd3 Qg6 27. Ne5 Qf5
28. Qf3 Qh7 29. Qe3 Bf5 30. Raa1 h5 31. Bh4 Be4 32. b3 g5 33. Bxg5 1-0

[Event "28th WSCC2018 - Open 65+"]
[Site "Bled"]
[Date "2018.11.20"]
[Round "3.74"]
[White "Vlajkov, Milenko"]
[Black "Ilic, Slobodan S"]
[Result "0-1"]
[WhiteElo "1530"]
[BlackElo "2026"]
[PlyCount "116"]
[EventDate "2018.11.18"]

1. e4 c5 2. f4 Nc6 3. Nf3 d6 4. Bb5 Qb6 5. Ba4 Bd7 6. c3 e6 7. O-O Nf6 8. e5
Nd5 9. d4 cxd4 10. cxd4 dxe5 11. fxe5 Be7 12. Nc3 Nxc3 13. bxc3 Rd8 14. Bg5 h6
15. Bxe7 Nxe7 16. Rb1 Qc7 17. Bxd7+ Qxd7 18. Qb3 b6 19. Nd2 O-O 20. Ne4 Nf5 21.
g4 Nxd4 22. cxd4 Qxd4+ 23. Nf2 Qxe5 24. Qb2 Qf4 25. Rbd1 Qe3 26. Qb3 Qc5 27.
Kg2 Qg5 28. h3 Qe5 29. Rfe1 Qc5 30. Rc1 Qa5 31. Re2 Rd4 32. Rc4 Qd5+ 33. Re4
Rd2 34. Qf3 Rxa2 35. Red4 Qe5 36. Qg3 Qf6 37. Ra4 Rxa4 38. Rxa4 a5 39. Rf4 Qb2
40. g5 h5 41. g6 fxg6 42. Rxf8+ Kxf8 43. Qxg6 Qe5 44. Qd3 Qd5+ 45. Qf3+ Ke7 46.
Ne4 a4 47. Qa3+ Kf7 48. Qxa4 b5 49. Qc2 b4 50. Kf1 b3 51. Qc7+ Kg8 52. Nd6 Qf3+
53. Ke1 b2 54. Qc8+ Kh7 55. Qc2+ Kh8 56. Qxb2 Qh1+ 57. Kd2 Qh2+ 58. Kc3 Qxd6
0-1

[Event "28th WSCC2018 - Open 65+"]
[Site "Bled"]
[Date "2018.11.20"]
[Round "3.75"]
[White "Filzmaier, Bruno"]
[Black "Bondar, Leonid"]
[Result "0-1"]
[WhiteElo "1727"]
[BlackElo "1931"]
[PlyCount "48"]
[EventDate "2018.11.18"]

1. a3 e5 2. e3 d5 3. d4 Nd7 4. Nf3 e4 5. Nfd2 Bd6 6. c4 c6 7. Nc3 Ne7 8. Qb3
Nf6 9. Be2 O-O 10. O-O b6 11. g3 Bh3 12. Re1 h5 13. f3 Qc7 14. Kf2 exf3 15.
Bxf3 Nf5 16. Rg1 h4 17. Ke2 Rae8 18. Nf1 Bxf1+ 19. Kxf1 hxg3 20. hxg3 Nxg3+ 21.
Rxg3 Bxg3 22. Bd2 Ne4 23. Be1 Bxe1 24. Kxe1 Qh2 0-1

[Event "28th WSCC2018 - Open 65+"]
[Site "Bled"]
[Date "2018.11.20"]
[Round "3.76"]
[White "Degtiarev, Viktor"]
[Black "Doubleday, William G"]
[Result "0-1"]
[WhiteElo "1676"]
[BlackElo "1929"]
[PlyCount "90"]
[EventDate "2018.11.18"]

1. e4 c5 2. Nf3 Nc6 3. d4 cxd4 4. Nxd4 Qb6 5. Nb3 Nf6 6. Nc3 e6 7. Bd3 d6 8.
O-O Be7 9. Qe2 O-O 10. Bg5 a6 11. Kh1 Bd7 12. f4 Nb4 13. e5 Nfd5 14. Nxd5 Nxd5
15. c4 Bxg5 16. cxd5 Be7 17. dxe6 fxe6 18. Qh5 h6 19. Qg6 Rf5 20. Bxf5 exf5 21.
Rad1 Rf8 22. Rf3 Kh8 23. Rg3 Rg8 24. Rh3 Rc8 25. e6 Be8 26. Qxf5 Qf2 27. Rf3
Qxb2 28. Qb1 Qxb1 29. Rxb1 Bf6 30. Rc1 Bc6 31. Rd3 Rd8 32. Kg1 Kg8 33. Nd4 Be4
34. Rdd1 Kf8 35. g4 Ke8 36. Kf2 b5 37. Rc7 Ra8 38. Nf5 Bxf5 39. gxf5 b4 40.
Rxd6 a5 41. Rdd7 a4 42. Rb7 b3 43. axb3 a3 44. Ra7 Rxa7 45. Rxa7 Bd4+ 0-1

[Event "28th WSCC2018 - Open 65+"]
[Site "Bled"]
[Date "2018.11.20"]
[Round "3.77"]
[White "Dvorsky, David"]
[Black "Green, Per"]
[Result "0-1"]
[WhiteElo "1345"]
[BlackElo "1919"]
[PlyCount "128"]
[EventDate "2018.11.18"]

1. e4 c5 2. Nc3 e6 3. g3 d5 4. Bg2 dxe4 5. Nxe4 Nc6 6. d3 Be7 7. h4 h6 8. Be3
Qb6 9. Qc1 Nf6 10. Nxf6+ Bxf6 11. c3 Ne5 12. Be4 Ng4 13. Ne2 Nxe3 14. fxe3 e5
15. Bf3 Bf5 16. e4 Be6 17. c4 Rd8 18. Qc2 h5 19. Nc3 Qa5 20. O-O-O g6 21. Qe2
Bg7 22. g4 hxg4 23. Bxg4 Bd7 24. Qf3 Bxg4 25. Qxg4 Rh5 26. Kb1 Rd7 27. Nd5 b5
28. cxb5 Qxb5 29. Nc3 Qa6 30. Nd5 Qc6 31. Ne3 Rb7 32. Nf5 Kf8 33. Ng3 Rh8 34.
h5 Rh6 35. Rhg1 Rc7 36. Qf3 Ke8 37. Nf5 gxf5 38. Rxg7 f4 39. Rdg1 Rd7 40. R1g5
Qd6 41. Rf5 Kf8 42. Rgg5 f6 43. Qh3 Qxd3+ 44. Qxd3 Rxd3 45. Rg6 Rxg6 46. hxg6
Kg7 47. Rh5 Kxg6 48. Rh1 Re3 49. Rg1+ Kf7 50. Kc2 Rxe4 51. Kd3 Ra4 52. a3 e4+
53. Ke2 Ke6 54. Rg8 Rc4 55. Kd2 e3+ 56. Kd3 Rd4+ 57. Kc3 Rd7 58. Re8+ Re7 59.
Rd8 f3 60. Rd3 Kf7 61. Kc4 e2 62. Kxc5 e1=Q 63. Rxf3 Qg1+ 64. Kb5 Qb6+ 0-1

[Event "28th WSCC2018 - Open 65+"]
[Site "Bled"]
[Date "2018.11.20"]
[Round "3.79"]
[White "Dalling, Peter"]
[Black "Koskinen, Veikko"]
[Result "1-0"]
[WhiteElo "1811"]
[BlackElo "1978"]
[PlyCount "35"]
[EventDate "2018.11.18"]

1. e4 c6 2. d4 d5 3. e5 Bf5 4. Bd3 Bxd3 5. Qxd3 e6 6. Ne2 Qb6 7. O-O c5 8. c3
Nc6 9. Nd2 Rc8 10. a3 cxd4 11. cxd4 Nge7 12. b4 Nf5 13. Nf3 Be7 14. Bb2 O-O 15.
Nf4 a6 16. Nxd5 exd5 17. Qxf5 Nd8 18. Qxc8 1-0

[Event "28th WSCC2018 - Open 65+"]
[Site "Bled"]
[Date "2018.11.20"]
[Round "3.80"]
[White "Choong, Liong-On Mark"]
[Black "Finlay, Ian"]
[Result "1-0"]
[WhiteElo "1932"]
[BlackElo "1808"]
[PlyCount "39"]
[EventDate "2018.11.18"]

1. c4 f5 2. g3 g6 3. Bg2 Bg7 4. Nc3 Nf6 5. d3 d6 6. e4 fxe4 7. dxe4 O-O 8. Nge2
c5 9. O-O Nc6 10. h3 Rb8 11. Bg5 h6 12. Be3 Ne5 13. b3 Nh7 14. f4 Nc6 15. Qd2
e5 16. Qd5+ Kh8 17. fxe5 Nxe5 18. Rad1 Rxf1+ 19. Bxf1 Bf8 20. Qxe5+ 1-0

[Event "28th WSCC2018 - Open 65+"]
[Site "Bled"]
[Date "2018.11.20"]
[Round "3.81"]
[White "Pressl, Harald"]
[Black "Wibe, Per H"]
[Result "1-0"]
[WhiteElo "1892"]
[BlackElo "1752"]
[PlyCount "165"]
[EventDate "2018.11.18"]

1. c4 Nf6 2. g3 g6 3. Nc3 c6 4. Bg2 Bg7 5. e4 d6 6. Nge2 Be6 7. d3 Na6 8. O-O
Qc8 9. Nf4 Bd7 10. h3 e5 11. Nfe2 Bxh3 12. d4 h5 13. dxe5 dxe5 14. Qd6 Bxg2 15.
Kxg2 h4 16. Bg5 h3+ 17. Kh1 Qe6 18. Rad1 Qxd6 19. Rxd6 Ke7 20. Rfd1 Rad8 21.
Rxd8 Rxd8 22. Rxd8 Kxd8 23. Kh2 Kd7 24. Kxh3 Nc5 25. Bxf6 Bxf6 26. b3 Ne6 27.
Kg2 Nd4 28. f3 Be7 29. Kf2 Bc5 30. Ke3 Nxb3+ 31. Kd3 Na5 32. f4 f6 33. g4 Ke6
34. f5+ gxf5 35. gxf5+ Kf7 36. Nc1 Ke7 37. Na4 Ba3 38. Ne2 b5 39. cxb5 cxb5 40.
Nac3 b4 41. Nd5+ Kf7 42. Nc7 b3 43. axb3 Nxb3 44. Nb5 Bc5 45. Kc4 a6 46. Nc7
Nd4 47. Nxd4 Bxd4 48. Nxa6 Be3 49. Kd5 Bf4 50. Nc7 Bg3 51. Nb5 Bf4 52. Kd6 Bg5
53. Kd7 Bh4 54. Nd6+ Kf8 55. Ke6 Bg5 56. Nb7 Bh4 57. Nc5 Bg5 58. Nd7+ Kg7 59.
Ke7 Bh4 60. Nf8 Kh6 61. Ng6 Bg5 62. Nh8 Kh5 63. Nf7 Bh4 64. Nd6 Kg4 65. Ne8 Kf4
66. Nxf6 Bxf6+ 67. Kxf6 Kxe4 68. Kg6 Kd3 69. f6 e4 70. f7 e3 71. f8=Q e2 72.
Qd6+ Kc2 73. Qe5 Kd2 74. Qd4+ Kc2 75. Qe3 Kd1 76. Qd3+ Ke1 77. Kf5 Kf2 78. Qd2
Kf1 79. Qf4+ Ke1 80. Ke4 Kd1 81. Qf3 Kd2 82. Qd3+ Ke1 83. Ke3 1-0

[Event "28th WSCC2018 - Open 65+"]
[Site "Bled"]
[Date "2018.11.20"]
[Round "3.82"]
[White "Freeke, Kees"]
[Black "Mckerracher, Douglas"]
[Result "0-1"]
[WhiteElo "1750"]
[BlackElo "1878"]
[PlyCount "106"]
[EventDate "2018.11.18"]

1. Nf3 f5 2. e4 fxe4 3. Ng5 Nf6 4. d3 e5 5. Nxe4 Nc6 6. Be2 Be7 7. Nxf6+ Bxf6
8. O-O O-O 9. c4 d6 10. Nc3 Be6 11. Be3 Qd7 12. Qd2 a6 13. Ne4 Be7 14. Nc3 Nd4
15. f4 Nf5 16. Bg4 Nxe3 17. Bxe6+ Qxe6 18. Qxe3 Qh6 19. Nd5 Bd8 20. fxe5 Bg5
21. Qg3 c6 22. Nc3 Bf4 23. Qh3 Qxh3 24. gxh3 Bxe5 25. Kg2 Rxf1 26. Rxf1 Rf8 27.
Ne4 Rxf1 28. Kxf1 Bxh2 29. b3 c5 30. Kf2 Be5 31. Kf3 h6 32. Kg4 Kf7 33. Kf5 g6+
34. Kg4 Ke6 35. Kf3 Kf5 36. Nf2 h5 37. Ne4 Bf4 38. Nf2 Ke5 39. Ke2 Bh2 40. Ne4
Kd4 41. Kd2 Bf4+ 42. Ke2 d5 43. cxd5 Kxd5 44. Kd1 Be3 45. a4 Ke5 46. Ke2 Bg1
47. Kf3 b6 48. Ke2 Kf4 49. Nd6 Kg3 50. Ne4+ Kxh3 51. Kf3 Bd4 52. Kf4 Kh4 53.
Ng5 Be3+ 0-1

[Event "28th WSCC2018 - Open 65+"]
[Site "Bled"]
[Date "2018.11.20"]
[Round "3.83"]
[White "Rogovin, Arkadi"]
[Black "Nielsen, Peter"]
[Result "1-0"]
[WhiteElo "1867"]
[BlackElo "1687"]
[PlyCount "61"]
[EventDate "2018.11.18"]

1. d4 Nf6 2. c4 e6 3. Nc3 Bb4 4. f3 Bxc3+ 5. bxc3 d5 6. e3 O-O 7. cxd5 exd5 8.
Bd3 Re8 9. Ne2 b6 10. O-O Bb7 11. Ng3 Nbd7 12. Re1 c5 13. Bb2 c4 14. Bc2 Nf8
15. e4 dxe4 16. fxe4 b5 17. a4 a6 18. Ba3 Ng6 19. Rb1 Qd7 20. Rb2 bxa4 21. d5
Bxd5 22. exd5 Rxe1+ 23. Qxe1 Nxd5 24. Bxg6 fxg6 25. Qe4 Qa7+ 26. Kh1 Qf7 27.
Qxc4 Re8 28. h3 h5 29. Rd2 Re1+ 30. Kh2 Ne3 31. Rd8+ 1-0

[Event "28th WSCC2018 - Open 65+"]
[Site "Bled"]
[Date "2018.11.20"]
[Round "3.84"]
[White "Zybura, Andre"]
[Black "Shaw, Robin A"]
[Result "1-0"]
[WhiteElo "1863"]
[BlackElo "1673"]
[PlyCount "69"]
[EventDate "2018.11.18"]

1. e4 g6 2. d4 Bg7 3. Nf3 d6 4. Be3 c6 5. a4 Nf6 6. Nc3 O-O 7. h3 Re8 8. Qd2
Nbd7 9. Be2 Qa5 10. O-O Qc7 11. Rfe1 b6 12. Bh6 Bh8 13. e5 Nh5 14. Ng5 Ng7 15.
Bg4 Nf8 16. Qf4 Bf5 17. Bxg7 Bxg7 18. Bxf5 gxf5 19. Qxf5 e6 20. Qg4 d5 21. Re3
h6 22. Nge4 dxe4 23. Nxe4 Kh8 24. Rg3 Ng6 25. Nd6 Rg8 26. Qh5 Kh7 27. Re1 Nf4
28. Qf3 Ng6 29. Re4 Raf8 30. Qh5 Qe7 31. Reg4 Nh8 32. Rf4 Ng6 33. Rxf7 Rxf7 34.
Qxg6+ Kh8 35. Nxf7+ 1-0

[Event "28th WSCC2018 - Open 65+"]
[Site "Bled"]
[Date "2018.11.20"]
[Round "3.85"]
[White "Bergen, Klaus"]
[Black "Brouwer, Willem"]
[Result "1/2-1/2"]
[WhiteElo "1858"]
[BlackElo "1608"]
[PlyCount "41"]
[EventDate "2018.11.18"]

1. e4 e5 2. Nf3 Nc6 3. Bb5 a6 4. Ba4 Nf6 5. O-O b5 6. Bb3 Be7 7. d3 O-O 8. c3
d6 9. Re1 Na5 10. Bc2 c5 11. Nbd2 Nc6 12. Nf1 Re8 13. h3 h6 14. Ng3 Bf8 15. Nh2
Be6 16. Qf3 d5 17. Ng4 Nxg4 18. hxg4 d4 19. Nf5 Ne7 20. g3 Qd7 21. cxd4 1/2-1/2

[Event "28th WSCC2018 - Open 65+"]
[Site "Bled"]
[Date "2018.11.20"]
[Round "3.86"]
[White "Sevenyuk, Alexey"]
[Black "Bratteteig, Tore-Inge"]
[Result "1-0"]
[WhiteElo "1839"]
[BlackElo "1592"]
[PlyCount "69"]
[EventDate "2018.11.18"]

1. e4 e6 2. d4 d5 3. Nc3 dxe4 4. Nxe4 Bd7 5. c3 Bc6 6. Bd3 Nd7 7. Nf3 Ngf6 8.
Ng3 Be7 9. O-O Bxf3 10. Qxf3 c6 11. a4 a5 12. Be3 Qc7 13. Rfe1 O-O 14. Bf4 Bd6
15. Bxd6 Qxd6 16. Ne4 Nxe4 17. Rxe4 Nf6 18. Re5 h6 19. g4 Nd7 20. Rh5 Nf6 21.
Rh4 Nh7 22. Bxh7+ Kxh7 23. g5 f5 24. Qh5 e5 25. dxe5 Qg6 26. Qxg6+ Kxg6 27.
gxh6 gxh6 28. Rd1 Kg5 29. Rhd4 f4 30. f3 Kf5 31. Re4 Rg8+ 32. Kf2 Rg5 33. Rd6
Rg6 34. Rxg6 Kxg6 35. Rxf4 1-0

[Event "28th WSCC2018 - Open 65+"]
[Site "Bled"]
[Date "2018.11.20"]
[Round "3.87"]
[White "El Gheiadi, I."]
[Black "Barzilay, Marianne"]
[Result "1-0"]
[WhiteElo "1831"]
[BlackElo "1493"]
[PlyCount "41"]
[EventDate "2018.11.18"]

1. e4 c5 2. Nf3 Nc6 3. d4 cxd4 4. Nxd4 e6 5. Nc3 Nf6 6. Nxc6 bxc6 7. e5 Nd5 8.
Ne4 d6 9. c4 Nb4 10. exd6 Qa5 11. Bd2 Qe5 12. Bxb4 Qxe4+ 13. Be2 Bd7 14. O-O
Rb8 15. Bc3 Qf4 16. c5 h5 17. Rc1 h4 18. h3 e5 19. Bg4 g6 20. Bxe5 Bxg4 21.
hxg4 1-0

[Event "28th WSCC2018 - Open 65+"]
[Site "Bled"]
[Date "2018.11.20"]
[Round "3.88"]
[White "Booth, Anthony"]
[Black "Rubinstein, Mark"]
[Result "0-1"]
[WhiteElo "1648"]
[BlackElo "1831"]
[PlyCount "72"]
[EventDate "2018.11.18"]

1. f4 d5 2. Nf3 c5 3. e3 Nc6 4. Be2 g6 5. c3 Nf6 6. O-O Qc7 7. d3 e6 8. Nbd2
Bd6 9. Nb3 a5 10. a4 Rb8 11. Bd2 b6 12. Qc2 Ba6 13. Rae1 O-O 14. g3 b5 15. axb5
Bxb5 16. Ra1 a4 17. Nc1 c4 18. dxc4 dxc4 19. Nd4 Nxd4 20. exd4 Rfc8 21. Bf3 Qb6
22. Kh1 Nd5 23. Bxd5 exd5 24. f5 Bd7 25. fxg6 fxg6 26. Bh6 Qxb2 27. Qxb2 Rxb2
28. Na2 Bf5 29. Rxf5 gxf5 30. Nb4 Bxb4 31. cxb4 Rxb4 32. Rf1 a3 33. Ra1 Ra8 34.
Bd2 Rb2 35. Bc3 Rc2 36. Bb4 a2 0-1